Welcome to CU Library Online Public Access Catalogue (OPAC)

Developing agricultural trade : (Record no. 1620)

MARC details
000 -LEADER
fixed length control field 00932cam a22002294a 4500
001 - CONTROL NUMBER
control field 12858385
005 - DATE AND TIME OF LATEST TRANSACTION
control field 20241127140244.0
008 - FIXED-LENGTH DATA ELEMENTS--GENERAL INFORMATION
fixed length control field 020717s2002 nyu b 001 0 eng
020 ## - INTERNATIONAL STANDARD BOOK NUMBER
International Standard Book Number 0333736192 (cloth)
050 00 - LIBRARY OF CONGRESS CALL NUMBER
Classification number HD9018.D44
Item number H83 2002
082 00 - DEWEY DECIMAL CLASSIFICATION NUMBER
Classification number 380.1/41/091724
Edition information 21
100 1# - MAIN ENTRY--PERSONAL NAME
Personal name Hubbard, Michael.
245 10 - TITLE STATEMENT
Title Developing agricultural trade :
Remainder of title new roles for government in poor countries /
Statement of responsibility, etc. Michael Hubbard.
260 ## - PUBLICATION, DISTRIBUTION, ETC.
Place of publication, distribution, etc. New York :
Name of publisher, distributor, etc. Palgrave Macmillan,
Date of publication, distribution, etc. 2002.
300 ## - PHYSICAL DESCRIPTION
Extent xi, 236 p. ;
Dimensions 22 cm.
440 #4 - SERIES STATEMENT/ADDED ENTRY--TITLE
Title The role of government in adjusting economies
650 #0 - SUBJECT ADDED ENTRY--TOPICAL TERM
Topical term or geographic name entry element Produce trade
General subdivision Government policy
Geographic subdivision Developing countries.
650 #0 - SUBJECT ADDED ENTRY--TOPICAL TERM
Topical term or geographic name entry element Agriculture and state
Geographic subdivision Developing countries.
856 42 - ELECTRONIC LOCATION AND ACCESS
Materials specified Contributor biographical information
Uniform Resource Identifier <a href="http://www.loc.gov/catdir/bios/hol051/2002028750.html">http://www.loc.gov/catdir/bios/hol051/2002028750.html</a>
856 42 - ELECTRONIC LOCATION AND ACCESS
Materials specified Publisher description
Uniform Resource Identifier <a href="http://www.loc.gov/catdir/description/hol031/2002028750.html">http://www.loc.gov/catdir/description/hol031/2002028750.html</a>
942 ## - ADDED ENTRY ELEMENTS (KOHA)
Source of classification or shelving scheme Library of Congress Classification
Koha item type Books
Suppress in OPAC No
999 ## -
-- 1620
-- 1620
Holdings
Withdrawn status Lost status Source of classification or shelving scheme Damaged status Not for loan Collection Home library Current library Shelving location Date acquired Inventory number Total checkouts Full call number Barcode Date last seen Copy number Price effective from Koha item type
    Library of Congress Classification     Non-fiction Graduate Library (Christ Temple) Graduate Library (Christ Temple) General stacks 11/27/2024 1   HD 9018 HUB GSCT00000140 11/27/2024 1 11/27/2024 Books
© 2023-2024 Copyright: Central University Libraries. All Rights Reserved | Created by: Mahone Tech Office